[Event "Maastricht Limburg op-C 8th"]
[Site "Maastricht"]
[Date "2014.06.09"]
[Round "6"]
[White "De Jong, Lucas"]
[Black "Oosterlinck, Freddy"]
[Result "1-0"]
[WhiteElo "1585"]
[BlackElo "1000"]
[PlyCount "52"]
[EventDate "2014.06.06"]
[EventType "swiss"]
[EventRounds "7"]
[EventCountry "NED"]
[SourceTitle "EXT 2015"]
[Source "ChessBase"]
[SourceDate "2014.11.20"]
[SourceVersion "1"]
[SourceVersionDate "2014.11.20"]
[SourceQuality "1"]

1. e4 e5 2. Nf3 Nc6 3. d4 exd4 4. Nxd4 Bc5 5. Be3 d5 6. Nxc6 bxc6 7. Bxc5 Ne7 8. Nc3 0-0 9. Be2 Re8 10. 0-0 Ng6 11. Bf3 Rb8 12. Rb1 a6 13. exd5 Qg5 14. Be3 Qh4 15. Qd4 Qe7 16. Qc5 Ne5 17. Qxe7 Nxf3+ 18. gxf3 Rxe7 19. dxc6 Re6 20. Rfd1 Rg6+ 21. Kh1 Bf5 22. Rd2 Rxc6 23. Rbd1 Rd6 24. Rxd6 cxd6 25. Rxd6 Bxc2 26. Bb6 Bd3 1-0

[Event "Maastricht Limburg op-C 8th"]
[Site "Maastricht"]
[Date "2014.06.09"]
[Round "7"]
[White "Oosterlinck, Freddy"]
[Black "Ten Have, Dimitri"]
[Result "1/2-1/2"]
[WhiteElo "1000"]
[BlackElo "1041"]
[PlyCount "73"]
[EventDate "2014.06.06"]
[EventType "swiss"]
[EventRounds "7"]
[EventCountry "NED"]
[SourceTitle "EXT 2015"]
[Source "ChessBase"]
[SourceDate "2014.11.20"]
[SourceVersion "1"]
[SourceVersionDate "2014.11.20"]
[SourceQuality "1"]

1. e4 e5 2. Nf3 Nc6 3. Nc3 Bc5 4. Bc4 Nf6 5. d3 0-0 6. 0-0 Na5 7. Nxe5 d6 8. Nf3 Nxc4 9. dxc4 Be6 10. b3 c6 11. Bg5 h6 12. Bf4 Qa5 13. Bd2 Bb4 14. Nb1 Nxe4 15. Bxb4 Qxb4 16. Nbd2 d5 17. cxd5 cxd5 18. c4 Nxd2 19. Nxd2 dxc4 20. Nxc4 Bxc4 21. bxc4 Qxc4 22. Qd7 b5 23. Rfc1 Qe2 24. g3 Rfd8 25. Qc7 Rd2 26. Qf4 Re8 27. Re1 Qxe1+ 28. Rxe1 Rxe1+ 29. Kg2 Rxa2 30. Qb8+ Kh7 31. Qxb5 Ree2 32. Qf5+ Kg8 33. Qc8+ Kh7 34. Qf5+ Kh8 35. Qc8+ Kh7 36. Qf5+ g6 37. Qxf7+ 1/2-1/2

[Event "Maastricht Limburg op-C 8th"]
[Site "Maastricht"]
[Date "2014.06.08"]
[Round "4"]
[White "Katranova, Alicia"]
[Black "Oosterlinck, Freddy"]
[Result "0-1"]
[WhiteElo "1289"]
[BlackElo "1000"]
[PlyCount "56"]
[EventDate "2014.06.06"]
[EventType "swiss"]
[EventRounds "7"]
[EventCountry "NED"]
[SourceTitle "EXT 2015"]
[Source "ChessBase"]
[SourceDate "2014.11.20"]
[SourceVersion "1"]
[SourceVersionDate "2014.11.20"]
[SourceQuality "1"]

1. e4 e5 2. Nf3 Nc6 3. d4 exd4 4. Bc4 h6 5. c3 Be7 6. Nxd4 Bg5 7. 0-0 Bxc1 8. Qxc1 Ne5 9. Bb3 d6 10. Re1 Nd3 11. Qd2 Nxe1 12. Qxe1 Bg4 13. Nd2 h5 14. h3 Qh4 15. N2f3 Bxf3 16. Nxf3 Qf4 17. e5 0-0-0 18. Rd1 Nh6 19. Rd4 Qf5 20. e6 Rhe8 21. Re4 d5 22. Re5 Rxe6 23. Kf1 Rxe5 24. Qxe5 Qxe5 25. Nxe5 c6 26. Nd3 Re8 27. f4 f6 28. g3 Re3 0-1

[Event "Maastricht Limburg op-C 8th"]
[Site "Maastricht"]
[Date "2014.06.06"]
[Round "1"]
[White "Oosterlinck, Freddy"]
[Black "Zhang, Martin"]
[Result "1-0"]
[WhiteElo "1000"]
[BlackElo "1546"]
[PlyCount "57"]
[EventDate "2014.06.06"]
[EventType "swiss"]
[EventRounds "7"]
[EventCountry "NED"]
[SourceTitle "EXT 2015"]
[Source "ChessBase"]
[SourceDate "2014.11.20"]
[SourceVersion "1"]
[SourceVersionDate "2014.11.20"]
[SourceQuality "1"]

1. e4 e5 2. Nf3 Nc6 3. Nc3 Nf6 4. d4 Bb4 5. dxe5 Nxe4 6. Bd2 Nxc3 7. Bxc3 Bxc3+ 8. bxc3 0-0 9. Bd3 Nxe5 10. 0-0 Qf6 11. Nxe5 Qxe5 12. c4 d6 13. Re1 Qa5 14. Qf3 c6 15. Qe4 g6 16. Qf4 Qd8 17. Re3 Be6 18. h4 d5 19. cxd5 Bxd5 20. Rae1 Rc8 21. Re7 Qb6 22. h5 Be6 23. Qf6 Rcd8 24. h6 Qd4 25. Re5 Qa1+ 26. Kh2 Qxe5+ 27. Qxe5 f6 28. Rg7+ Kh8 29. Qxe6 1-0